MARC details
| 000 -LEADER |
| campo de control de longitud fija |
01255nam a22003137a 4500 |
| 003 - IDENTIFICADOR DE NÚMERO DE CONTROL |
| campo de control |
OSt |
| 005 - FECHA Y HORA DE LA ÚLTIMA TRANSACCIÓN |
| campo de control |
20230616112647.0 |
| 008 - DATOS DE LONGITUD FIJA--INFORMACIÓN GENERAL |
| campo de control de longitud fija |
221006b |||||||| |||| 00| 0 eng d |
| 040 ## - FUENTE DE CATALOGACIÓN |
| Centro/agencia transcriptor |
Biblioteca Lado V |
| 082 ## - NÚMERO DE LA CLASIFICACIÓN DECIMAL DEWEY |
| Número de clasificación |
709.05 |
| Número de ítem |
G851a |
| 100 ## - ENTRADA PRINCIPAL--NOMBRE DE PERSONA |
| 9 (RLIN) |
855 |
| Nombre de persona |
Griffin, Tim |
| Término indicativo de función/relación |
editor |
| 245 ## - MENCIÓN DEL TÍTULO |
| Título |
Artforum/ |
| Resto del título |
Internacional/ |
| 260 ## - PUBLICACIÓN, DISTRIBUCIÓN, ETC. |
| Lugar de publicación, distribución, etc. |
New York |
| Fecha de publicación, distribución, etc. |
2011 |
| Nombre del editor, distribuidor, etc. |
New York editorial and business offices |
| 300 ## - DESCRIPCIÓN FÍSICA |
| Dimensiones |
26.5x27cm |
| Extensión |
244p. |
| 366 ## - INFORMACIÓN SOBRE DISPONIBILIDAD COMERCIAL |
| Nota |
eng |
| 490 ## - MENCIÓN DE SERIE |
| Mención de serie |
Abril |
| Designación de volumen o secuencia |
2011 |
| Número Internacional Normalizado para Publicaciones Seriadas |
0864-1315 |
| 505 ## - NOTA DE CONTENIDO CON FORMATO |
| Título |
COLUMNS |
| Nota de contenido con formato |
Passages<br/><br/>Books<br/><br/>Film<br/><br/>On Site<br/><br/>Top Ten |
| 505 ## - NOTA DE CONTENIDO CON FORMATO |
| Título |
FEATURES |
| Nota de contenido con formato |
Close-Up<br/><br/>To Be Determined<br/><br/>Circling the Square<br/><br/>1000 Words<br/><br/>A Revolution in film<br/><br/>Openings: Jan Timme |
| 505 ## - NOTA DE CONTENIDO CON FORMATO |
| Título |
REVIEWS |
| 650 ## - PUNTO DE ACCESO ADICIONAL DE MATERIA--TÉRMINO DE MATERIA |
| Fuente del encabezamiento o término |
Tesauro de Arte & Arquitectura |
| Término de materia o nombre geográfico como elemento de entrada |
ARTE COMTEMPORANEO |
| 9 (RLIN) |
703 |
| 650 ## - PUNTO DE ACCESO ADICIONAL DE MATERIA--TÉRMINO DE MATERIA |
| Fuente del encabezamiento o término |
Tesauro de Arte & Arquitectura |
| Término de materia o nombre geográfico como elemento de entrada |
FOTOGRAFIA |
| 9 (RLIN) |
702 |
| 650 ## - PUNTO DE ACCESO ADICIONAL DE MATERIA--TÉRMINO DE MATERIA |
| Fuente del encabezamiento o término |
Tesauro de Arte & Arquitectura |
| Término de materia o nombre geográfico como elemento de entrada |
ARTE VISUAL |
| 9 (RLIN) |
702 |
| 650 ## - PUNTO DE ACCESO ADICIONAL DE MATERIA--TÉRMINO DE MATERIA |
| Fuente del encabezamiento o término |
Tesauro de Arte & Arquitectura |
| Término de materia o nombre geográfico como elemento de entrada |
LIBROS |
| 650 ## - PUNTO DE ACCESO ADICIONAL DE MATERIA--TÉRMINO DE MATERIA |
| Fuente del encabezamiento o término |
Tesauro de Arte & Arquitectura |
| Término de materia o nombre geográfico como elemento de entrada |
NOTICIAS |
| 650 ## - PUNTO DE ACCESO ADICIONAL DE MATERIA--TÉRMINO DE MATERIA |
| Fuente del encabezamiento o término |
Tesauro de Arte & Arquitectura |
| Término de materia o nombre geográfico como elemento de entrada |
ARTE INTERNACIONAL |
| 650 ## - PUNTO DE ACCESO ADICIONAL DE MATERIA--TÉRMINO DE MATERIA |
| Fuente del encabezamiento o término |
Tesauro de Arte & Arquitectura |
| Término de materia o nombre geográfico como elemento de entrada |
ESCULTURA |
| 700 ## - ENTRADA AGREGADA--NOMBRE PERSONAL |
| Nombre de persona |
Navarreta, Jose Antonio |
| Término indicativo de función/relación |
editor |
| 942 ## - ELEMENTOS DE ENTRADA SECUNDARIOS (KOHA) |
| Fuente del sistema de clasificación o colocación |
Clasificación Decimal Dewey |
| Tipo de ítem Koha |
Libros |
| Parte de la signatura que corresponde a la clasificación (Parte de la clasificación) |
709.05 |
| Parte de la signatura que identifica el ejemplar (Parte del ítem) |
G851a |
| Suprimir en OPAC |
No |